01141naa a22002657a 4500001001000000003000900010005001700019007000300036008003400039040005400073041000900127072000800136090001800144100002000162111009300182245008000275260003700355500012200392650002400514773011900538909003600657942001400693999001900707952014900726BR9503429BR-BrBNA20240918181325.0ta230509b bl.||||| |||| 00| 0 por d aBR-BrBNAbporcBiblioteca Nacional de Agricultura a(Pt) aQ03 aQ03 BR95034291 aGermano, P.M.L.1 a2. Encontro Nacional de Higienistas de AlimentoscSao Paulo, SP (Brazil)d20-23 Oct 19921 aControle de pontos criticos para analise de riscos na producao de alimentos3 aSao Paulo, SP (Brasil): c1992.  aAnais do 2. Encontro Nacional de Higienistas de Alimentos Sao Paulo, SP (Brasil): 1992. p. 162-163 (BR9503429-AM)Q03  aHigiene de Alimento0 tAnais do 2. Encontro Nacional de Higienistas de AlimentoswQ03 BR9503429gSao Paulo, SP (Brasil), 1992. p. 162-163 a202404bLuciac55dLucia Elande cAM2AGRIS c324770d324770 002AGRIS40708Acervo Gerala41918b41918cAgrobasel0o5212 BR9903269r2024-05-20t01yAM10d2024-04-11ePortaria Interministerial nÂș 164/94